| 000 | 02154nam a2200469 a 4500 | ||
|---|---|---|---|
| 999 |
_c75693 _d75693 |
||
| 003 | BLK | ||
| 005 | 20250128005458.0 | ||
| 008 | 180408b bul|||||r ||||||| ||bul|| | ||
| 010 | _aKNG00080113000 | ||
| 020 | _a978-954-378-056-3 | ||
| 040 | _aBLK | ||
| 041 |
_aBUL _cBUL |
||
| 072 | 7 |
_2bullib _aН92 _xИстория Н |
|
| 080 |
_aИстория на България _b94(497.2) _x(093) _z94(497.2)(093) |
||
| 080 |
_b949.72.05/.06 _x(093) _z949.72.05/.06(093) |
||
| 139 |
_aПодбрани извори за българската история _bП 64 |
||
| 245 | 1 | 0 |
_aПодбрани извори за българската история _bТ. 1 - _cавт.-състав. на том Георги Георгиев Марков. _nТ. 4 _pБългарската държава и българите 1947-2008 |
| 257 | _aBGR | ||
| 260 |
_c2002 - _fСофия : Алианс принт _aСофия _9209587 _bТангра ТанНакРа _n978-954-378- ; 954-9942- |
||
| 300 | _c28 см | ||
| 380 | _a9 | ||
| 490 | 1 | _v40 | |
| 490 |
_aБиблиотека Българска вечност _9201508 |
||
| 650 | 0 |
_aБългария - история - извори _9254752 |
|
| 653 | _aнова история | ||
| 653 | _aкултура | ||
| 653 | _aобразование | ||
| 653 | _aполитика | ||
| 659 | _aН | ||
| 700 | 1 |
_aМарков, Георги Георгиев _eавт.-състав. на том _9364352 |
|
| 760 | 1 |
_dТангра ТанНакРа, 2009 _gКн. 2. 1947-2008. _h407 с. : с цв. ил., портр. _nВ кн. сер. загл. Българска вечност. - Именен показалец, азб. показалец на писмените извори , темат. показалец. - Библиогр. с. 393-396. _tТ. 4 Българската държава и българите 1947-2008 |
|
| 852 |
_aЦб ІІ 12506 _bЦб |
||
| 856 | 4 | _qpdf | |
| 856 | 4 | _qpdf | |
| 942 |
_cKNG _n0 _s1 _01 |
||
| 944 |
_aCR _c27.10.2011 _k _lCRON CRON |
||
| 944 |
_aED _c12.05.2014 |
||
| 999 | _d75693 | ||
| 999 | _d75693 | ||
| 999 | _d75693 | ||
| 999 | _d75693 | ||